各种知识 #21 General knowledge - Statistics

General Stats
  • This quiz has been taken 32 times
  • The average score is 6 of 20
Answer Stats
提交者 问题 答案 % Correct
CNY 一般认为,大理政权是由哪个少数民族建立起来的 白族
70%
uoiu 卢本伟的“五五开”外号来源于他曾在发言中认为自己与谁的水平五五开? Faker
53%
uoiu 以姜黄粉、丁香、小茴香子、胡荽子、芥末子、辣椒等香料调配而成的一种复合型调料,常被叫做 玛莎拉
50%
uoiu 杭州市最具本地特色的汤面是 片儿川
47%
CNY 历史传说中,曾经立下“七杀碑”的农民起义领袖是 张献忠
43%
TMDDS 2009年6月因淋巴癌去世的原中央电视台《新闻联播》节目主持人是 罗京
43%
TMDDS 人类胎盘作为中药的名字是 紫河车
37%
uoiu 在一定航区指引船舶安全航行、靠离码头或通过船闸及其他限定水域的专业人员叫做 引航员
30%
TMDDS 动画片《虹猫蓝兔七侠传》中,蓝兔的武器是七剑之一的 冰魄剑
30%
uoiu 海南儋州的名字来源于西汉时设立的哪个郡 儋耳郡
27%
CNY 日本将棋中的棋子角行在进入敌阵后可以升级成的棋子是 龙马
27%
uoiu 首位将《共产党宣言》翻译为中文的译者是 陈望道
27%
uoiu 西南官话中的骂人词“先人板板”本意是 祖先灵牌
20%
TMDDS 内蒙古自治区赤峰市原称______盟 昭乌达
20%
TMDDS 北京地铁有木樨地站、木樨园站,这其中的“木樨”指的是平时说到的 桂花
20%
CNY 在中国传统语文学中,“小学”的三个分支除文字学和音韵学外的一个是 训诂学
17%
TMDDS 央视少儿频道主持人“小鹿姐姐”拥有一个非常少见的姓氏,是
17%
uoiu 《临高启明》中的“圣船”的名字来源于江西的哪一座县级市 丰城
13%
CNY 中原佛家的生死轮回观念中,十殿阎罗的第一殿是 秦广王
13%
TMDDS 位于郑州市的特等货运站圃田西站,原名 郑州东站
10%
No matching quizzes found
Score Distribution
Percent of People with Each Score
Percentile by Number Answered
Your Score History
You have not taken this quiz